000 01288nam a2200337 c 4500
003 BLK
005 20230710134901.0
008 180407b bul|||||r ||||||| ||bul||
010 _aKNG00034660000
020 _a954-439-634-9
_bиздат.: Слово
040 _aBLK
041 _aBUL
_cBUL
080 _aБългарска литература
_b821.163.2
_x-1
_z821.163.2-1
100 1 _aВазов, Иван Минчов
_eпърви автор
_9363396
139 _aВазов, Иван Минчов
_bВ 15
245 1 0 _aСтихотворения
_cИван Минчов Вазов.
250 _a3. прераб. и доп. изд.
257 _aBGR
260 В. Търново
_bСлово
_c2000
300 _a207 с.
_c20 см
380 _aX
490 1 _aМалка ученическа библиотека
500 _a1. изд. 1992. - Офс. изд. - 3 000 тир. ; Доп. тир. 2004. - Съдържа и Кратък животопис ; Препоръчителна библиография ; Речник.
653 _aстихотворения
852 _aЦб 206884
856 4 _qpdf
_u
856 4 _qpdf
_u
942 _cKNG
_n0
_08
944 _aCR
_c15.01.2003
_kЛюдмила_Стоянова
944 _aED
_c21.04.2008
_k
999 _c31991
_d31991